| 000 | 006780000a22001930004500 | ||
|---|---|---|---|
| 999 |
_c54121 _d54121 |
||
| 001 | 768714001 | ||
| 003 | CO-MdFUSB | ||
| 005 | 20170811111614.0 | ||
| 008 | 170811s2000 xxu||||| |||| 00| 0 eng d | ||
| 022 | _a0098-9444 | ||
| 040 |
_aCO-MdFUSB _bspa _cCO-MdFUSB _dCO-MdFUSB |
||
| 041 | _aeng | ||
| 100 | 1 |
_aDavies, Philip (1948- ) _eautor |
|
| 245 | 1 | 0 |
_aThe search for history in the Bible : _b what separates a minimalist from a maximalist? Not much |
| 300 |
_aVolumen 26. Número 2 (2000), Páginas 22-27 _c28 cm. |
||
| 546 | _aTexto en inglés | ||
| 773 | 0 |
_tBiblical Archaeology Review _049395 _959475 _gVolumen 26. Número 2 (2000), Páginas 22-27 _qPágina 22 |
|
| 942 | _cANA | ||